000 01027 a2200217 4500
005 20080911155226.0
008 080911t xxu||||| |||| 00| 0 hin d
010 _aHIN-79734
020 _a818525608x
_c175.00
035 _aHN-52080
037 _bD.B.Act / pub
082 _a534
100 _aशर्मा, अशोक कुमार
245 _aध्वनियों का रहस्यमय संसार
_cअशोक कुमार शर्मा
246 _aDhwaniyon ka rahasymay sansaar
_bby Ashok Kumar Sharma
260 _aदिल्ली
_bविद्यार्थी प्रकाशन
_c2006
270 _aके-71, कृष्णनगर
_bदिल्ली
_e110051
300 _a111पृ
_c22 सेमी (सजिल्द)
942 _adpl
_cHN
_k534 / शर्माअ
_2ddc
_h534
_mशर्माअ
999 _c3533
_d3533